| 000 | 00860nam a2200265Ia 4500 | ||
|---|---|---|---|
| 003 | OSt | ||
| 005 | 20220928125621.0 | ||
| 006 | a|||||r|||| 00| 0 | ||
| 007 | ta | ||
| 008 | 220927b |||||||| |||| 00| 0 eng d | ||
| 020 | _c795 | ||
| 024 | _a101036 | ||
| 037 |
_b3312, 03/11/2009, Bookwell Publications _cTextual |
||
| 040 |
_aSDCL _cSDCL _beng |
||
| 041 |
_2eng _aeng |
||
| 082 | _aX:5381, P8 | ||
| 100 |
_aSampson Gary P Ed. _9413535 |
||
| 245 | 0 |
_aDeveloping countries and the WTO _b Policy approaches. |
|
| 260 |
_aNew York _b United Nation University Press _c2008 |
||
| 300 |
_axviii,327p _ccm. |
||
| 650 | _aBuisness Economics | ||
| 700 |
_a Chambers W Bradnee Ed. _9413536 |
||
| 942 |
_hX:5381, P8 _cTEXL _2CC |
||
| 999 |
_c783248 _d783248 |
||